书目信息 |
| 题名: |
2012:玛雅宇宙的生成
|
|
| 作者: | 詹金斯 著 ;陈璐 译 | |
| 分册: | ||
| 出版信息: | 北京 光明日报出版社 2009 |
|
| 页数: | 338页 | |
| 开本: | 24cm | |
| 丛书名: | ||
| 单 册: | ||
| 中图分类: | K731.2 | |
| 科图分类: | ||
| 主题词: | 玛雅文化--研究 , 玛雅文化 | |
| 电子资源: | ||
| ISBN: | 978-7-5112-0549-0 | |
| 000 | 01341nam0 2200265 45 | |
| 001 | 1133476516 | |
| 005 | 20110413091136.81 | |
| 010 | @a978-7-5112-0549-0@dCNY46.00 | |
| 100 | @a20110406d2009 em y0chiy0110 ea | |
| 101 | 1 | @achi@ceng |
| 102 | @aCN@b110000 | |
| 105 | @aa z 000yy | |
| 106 | @ar | |
| 200 | 1 | @a2012:玛雅宇宙的生成@A2012: Ma Ya Yu Zhou De Sheng Cheng@dMaya cosmogenesis 2012: the true meaning of the Maya calendar end-date@f(美)约翰·梅杰·詹金斯(John Major Jenkins)著@F( Mei ) Yue Han· Mei Jie· Zhan Jin Si (John Major Jenkins) Zhu@g陈璐译@zeng |
| 210 | @a北京@c光明日报出版社@d2009 | |
| 215 | @a338页@c图@d24cm | |
| 330 | @a在这部考古天文学的田野调查报告中,作者深入中美洲玛雅遗址,通过大量的实地考察,并结合流传在各个玛雅部落中的神话传说,探讨了玛雅历法何以会在公元2012年冬至日(12月21日)这一天完结。经过慎密而精确的研究,作者分别从世俗生活与精神领域的各个方面见证了玛雅人历来对天文事件的重视,重现了玛雅历法系统的融合与确定,并由此而找到了玛雅历法完结日的真实含义。 | |
| 510 | 1 | @aMaya cosmogenesis 2012: the true meaning of the Maya calendar end-date@zeng |
| 606 | 0 | @a玛雅文化@x研究 |
| 606 | 0 | @a玛雅文化 |
| 690 | @aK731.2@v4 | |
| 701 | 1 | @a詹金斯@AZhan Jin Si@g(Jenkins, John Major)@4著 |
| 702 | 0 | @a陈璐@AChen Lu@c(英语)@4译 |
| 801 | 0 | @aCN@bTANGWEI@c20110413 |
| 905 | @b0533503-07@dK731.2@e8@f5 | |
| 2012:玛雅宇宙的生成=Maya cosmogenesis 2012: the true meaning of the Maya calendar end-date/(美)约翰·梅杰·詹金斯(John Major Jenkins)著/陈璐译.-北京:光明日报出版社,2009 |
| 338页:图;24cm |
| ISBN 978-7-5112-0549-0:CNY46.00 |
| 在这部考古天文学的田野调查报告中,作者深入中美洲玛雅遗址,通过大量的实地考察,并结合流传在各个玛雅部落中的神话传说,探讨了玛雅历法何以会在公元2012年冬至日(12月21日)这一天完结。经过慎密而精确的研究,作者分别从世俗生活与精神领域的各个方面见证了玛雅人历来对天文事件的重视,重现了玛雅历法系统的融合与确定,并由此而找到了玛雅历法完结日的真实含义。 |
| ● |
| 相关链接 |
|
|
|
|
正题名:2012:玛雅宇宙的生成
索取号:K731.2/8
 
预约/预借
| 序号 | 登录号 | 条形码 | 馆藏地/架位号 | 状态 | 备注 |
| 1 | 0533503 | 205335038 | 第二样本阅览室/ [索取号:K731.2/8] | 在馆 | |
| 2 | 0533504 | 205335047 | 第二借阅区/ [索取号:K731.2/8] | 在馆 | |
| 3 | 0533505 | 205335056 | 第二借阅区/ [索取号:K731.2/8] | 在馆 | |
| 4 | 0533506 | 205335065 | 第二借阅区/ [索取号:K731.2/8] | 在馆 | |
| 5 | 0533507 | 205335074 | 第二借阅区/ [索取号:K731.2/8] | 在馆 |